|
|
|
|
| LEADER |
01076nam a2200253 a 4500 |
| 001 |
GR-MES12893 |
| 008 |
070828s gr b 001 0 gre d |
| 020 |
|
|
|a 0471417122
|q (Domestic)
|
| 020 |
|
|
|a 0471429023
|q (Wie)
|
| 040 |
|
|
|a GrPaTEI
|b gre
|c GR-PaULI
|
| 040 |
|
|
|a GrPaTEI
|b gre
|c GR-PaULI
|
| 082 |
|
0 |
|a 658.403
|2 21
|
| 100 |
1 |
|
|a Liberatore, Matthew
|
| 245 |
1 |
0 |
|a Decision technology :
|b modeling, software, and applications /
|c Matthew Liberatore / Robert Nydick.
|
| 260 |
|
|
|a Hoboken, N.J. :
|b Wiley,
|c c2003
|
| 300 |
|
|
|a x
|a 386σ. :
|b εικ. ;
|c 26εκ. +
|e +1 Cd-Rom
|
| 504 |
|
|
|a Περιλαμβάνει βιβλιογραφίες και ευρετήριο.
|
| 650 |
|
0 |
|a Decision support systems
|
| 650 |
|
4 |
|a Αποφάσεις, λήψη των
|
| 700 |
1 |
|
|a Nydick, Robert
|
| 942 |
|
|
|2 ddc
|
| 952 |
|
|
|0 0
|1 0
|2 ddc
|4 0
|6 658_403000000000000_LIB
|7 0
|9 271429
|a MSLG
|b MSLG
|c BSC
|d 2021-01-17
|e 24
|f 0
|g 0.00
|l 0
|o 658.403 LIB
|p 2420000022233
|r 2021-01-17 00:00:00
|t 1
|w 2021-01-17
|y BK15
|x 20070828 0 ΓΑΒΡΙΝΑ 1
|x GrPaTEI
|
| 971 |
|
|
|a .b25789405
|b 15-04-20
|c 13-09-16
|
| 999 |
|
|
|c 156794
|d 156794
|